000
00330nam a22001457a 4500
008
190205b xxu||||| |||| 00| 0 eng d
020
_a
0574214100
041
_a
eng
080
_2
2 nd
_a
338
082
_a
338
100
_a
54
101
_a
MEN
245
_a
Management information systems
_c
Mcleod Raymond
942
_2
udc
_c
BK
999
_c
53991
_d
53991